Members Of The Konoha 13 - Statistics

General Stats
  • This quiz has been taken 14 times
  • The average score is 13 of 13
Answer Stats
Answer % Correct
Choji
100%
Hinata
100%
Ino
100%
Naruto
100%
Neji
100%
Rock Lee
100%
Sakura
100%
Sasuke
100%
Shino
100%
Tenten
100%
Kiba
90%
Shikamaru
90%
Sai
80%
No matching quizzes found
Score Distribution
Percent of People with Each Score
Percentile by Number Answered
Your Score History
You have not taken this quiz